000 00332nam a2200145Ia 4500
008 230718s9999 xx 000 0 und d
041 _aEng.
082 _a346-36
_bABI-L
100 _aAbid S.A
245 0 _aland Acquistim Act, 1934
260 _aPakistan
_bMarjal law book
_c1894
300 _a194
650 _aLaw
999 _c26632
_d26632